000 00661nam a2200205 a 4500
001 BRCA_6545
005 20190320205511.0
008 290911s1915----gw-a######---#000-0#ger-#
041 _ager
044 _agw
050 4 _aPT2613
_b.R46 M36 1905
245 1 0 _aMarterln und Votivtaferln des Tuifelemalers Kassian Kluibenschädel
_bzu Nutz und Frommen der verehrlichen Zeitgenossen
_cherausgegeben von Rudolf Greinz.
260 _aLeipzig, Alemania
_bL. Staackmann
_c[1915]
300 _aiv, 98 p.
_bil.
_c18 cm.
500 _aL86
650 1 4 _aLiteratura Alemana
_96160
700 1 _aGreinz, Rudolf Heinrich
_f1866-1942
_916335
902 _aGFM
942 _2lcc
_cB
999 _c6229
_d6229